000 00460nam a22001577a 4500
999 _c16902
_d16902
008 180704b xxu||||| |||| 00| 0 eng d
020 _a0550102898
040 _aKABU
_cKABU
050 _aPE1628
_b.C43 2008 c. 1
245 _aThe Chambers dictionary
250 _a11th ed.
260 _aLondon
_bChambers Harrap publishers Ltd
_c2008
300 _axxxi, 1869 p.
650 _aEnglish language
_vDictionaries
942 _2lcc
_cREF
_e11th ed.
_hPE1628
_kREF